isabelle adjani filmographie - Statistiques

Statistiques générales
  • Ce quiz a été pris 149 fois
  • Le résultat moyen est 11 sur 35
Statistiques - réponses
Hint Réponse % Correct
1983 l'été meurtrier
88%
1988 camille claudel
81%
1994 la reine margot
80%
1974 la gifle
78%
2008 la journée de la jupe
78%
1975 l'histoire d'adele h
58%
1981 possession
53%
1981 clara et les chics types
51%
1983 mortelle randonnée
47%
1985 subway
47%
1979 les soeurs bronte
37%
1982 tout feu tout flamme
37%
1996 diabolique
34%
1976 barocco
31%
1970 le petit bougnat
29%
2003 bon voyage
27%
2014 sous les jupes des filles
27%
1976 le locataire
25%
1987 ishtar
22%
2002 la repentie
20%
1981 quartet
20%
2010 mammuth
19%
1993 toxic affair
19%
2002 adolphe
17%
1978 driver
17%
1981 l'annee prochaine si tout va bien
15%
1979 nosferatu fantome de la nuit
10%
1977 violette et francois
10%
2003 monsieur ibrahim et les fleurs du coran
8%
2011 de force
7%
1972 faustine et le bel été
7%
1982 antonieta
5%
2012 david et mme hansen
5%
1974 ariane
2%
2013 ishkq in paris
0%
Aucun quiz correspondant
Distribution des résultats
% des personnes avec chaque résultat
Percentile par nombre de réponses
Votre historique - résultats
Vous n’avez pas pris ce quiz